| 000 | 00462nam a22001457a 4500 | ||
|---|---|---|---|
| 082 | _a004 | ||
| 100 | _aSiddiquie, Khushboo | ||
| 245 |
_aSecurity Model for Android Smartphone Dual Persona / _cKhushboo Siddiquie |
||
| 260 |
_aIslamabad : _bMCS - NUST, _c2017. |
||
| 300 |
_a111 p. ; _c30cm. |
||
| 650 |
_aInformation Security-MS-Thesis _916348 |
||
| 700 |
_aDr. Ashraf Masood _921375 |
||
| 942 |
_2ddc _cTHE |
||
| 999 |
_c541051 _d541051 |
||